Catalog

Record Details

Catalog Search



Více než tesař = = More than a carpenter Cover Image Book Book

Více než tesař = = More than a carpenter Josh McDowell

McDowell, Josh (Author).

Record details

  • Physical Description: 118 s.
  • Publisher: s.l. Církev adventistů 1989

Available copies

  • 1 of 1 copy available at Common Catalog SPOK.

Holds

  • 0 current holds with 1 total copy.
Show Only Available Copies
Location Call Number / Copy Notes Barcode Shelving Location Status Due Date
ETS Library 239 424470002656 Volný výběr Available -

LDR 00603nam a2 00229
00135173
003CZ-PrJAB
00520040308000000.0
008030429s1989 xr e |||| |cze
009cz
035 . ‡a(CONS)9813
035 . ‡aKPS11421
040 . ‡aABG450
041 . ‡acze
08214. ‡a239
100 . ‡7386 ‡aMcDowell, Josh
245 . ‡aVíce než tesař = ‡b= More than a carpenter ‡cJosh McDowell
260 . ‡as.l. ‡bCírkev adventistů ‡c1989
300 . ‡a118 s.
653 . ‡aVíce než tesař ‡acarpenter
8524 . ‡bETS ‡bETS ‡cVolný výběr ‡j239 ‡gA ‡p424470002656
910 . ‡aABG450
999 . ‡a9813 ‡bAUTOGEN ‡c9813 ‡tbiblio
905 . ‡uadmin
901 . ‡a35173 ‡b ‡c35173 ‡tbiblio ‡sets

Additional Resources